000 00651nam a2200205Ia 4500
003 GCL
008 140319s9999 xx 000 0 ara d
020 _a6131010977
040 _aGCL /
_cGCL
082 0 4 _a371.394
_bع ا
100 1 _aعلى بركات
245 1 0 _aاعلام التثقيف الذاتى واثر القراءة على المجتمع /
_cعلى بركات
250 _aالاولى
260 _aالقاهرة :
_bدار الفكر العربى ،
_c2000
300 _a271 ص ؛
_c24 سم
650 0 4 _aالقراءة
650 0 4 _aالتثقيف الذاتى
650 0 4 _aالثقافة الذاتية
942 _2ddc
_cBK
999 _c6445
_d6445